<?xml version="1.0" encoding="UTF-8"?>
<collection xmlns="http://www.loc.gov/MARC21/slim">
 <record>
  <leader>     na                 </leader>
  <controlfield tag="001">INLIS000000000003108</controlfield>
  <controlfield tag="005">20221112091324</controlfield>
  <datafield tag="035" ind1=" " ind2=" ">
   <subfield code="a">0010-0520003108</subfield>
  </datafield>
  <controlfield tag="008">221112                |          | eng  </controlfield>
  <datafield tag="020" ind1=" " ind2=" ">
   <subfield code="a">9780123706249</subfield>
  </datafield>
  <datafield tag="041" ind1=" " ind2=" ">
   <subfield code="a">eng</subfield>
  </datafield>
  <datafield tag="082" ind1=" " ind2=" ">
   <subfield code="a">616.8</subfield>
  </datafield>
  <datafield tag="084" ind1=" " ind2=" ">
   <subfield code="a">616.8 DRU</subfield>
  </datafield>
  <datafield tag="100" ind1="0" ind2=" ">
   <subfield code="a">Drugs and the Future : Brain Science, Addiction and Society</subfield>
  </datafield>
  <datafield tag="245" ind1="1" ind2=" ">
   <subfield code="a">Drugs and the Future : Brain Science, Addiction and Society /</subfield>
   <subfield code="c">Scientific Coordinators by David Nutt</subfield>
  </datafield>
  <datafield tag="260" ind1=" " ind2=" ">
   <subfield code="a">Oxford :</subfield>
   <subfield code="b">Elsevier Academic Press,</subfield>
   <subfield code="c">2007</subfield>
  </datafield>
  <datafield tag="300" ind1=" " ind2=" ">
   <subfield code="a">xiii, 598 p. :</subfield>
   <subfield code="b">: illus. ;</subfield>
   <subfield code="c">27 cm</subfield>
  </datafield>
  <datafield tag="500" ind1=" " ind2=" ">
   <subfield code="a">Indeks : p. 567 - 598</subfield>
  </datafield>
  <datafield tag="520" ind1=" " ind2=" ">
   <subfield code="a">The use of psychotropics drugs to modify sensation, perception, mood and behaviour has been ubiquitous in human societies since time immemorial. The scientific development of safe and effective psychotropic drugs for the treatment of psychiatric and neurological disorder is, a relatively recent phenomenon and raises several pressing questions. Will new drugs be developed for pleasure as well as medical treatment? Will new treatments for addiction itself become feasible? Will drugs emerge that can enhance cognition, and what are the ethical implications if they become widespread in society? How have previous generations coped with innovation in drugs? Will new drugs be developed to treat behavioural addictions such as gambling? How can we make the most of our new knowledge and minimise the problems it might bring?. This book explores how the knowledge gained from recent advances will be used in coming decades. Constributors cover the full range of disciplines which can provide insight into the future of addiction, from genetics to humanities. They were gathered together by the UK government's office of science and innovation to consider these issues in a unique and multi-faceted collaboration. It will be of value to neuroscientists and other biologists, to social scientist with an interest in health and drugs, to policy-makers involved in health, drugs and crime, and to the pharmaceutical industry.</subfield>
  </datafield>
  <datafield tag="650" ind1=" " ind2="4">
   <subfield code="a">Drugs - Physiological effect</subfield>
  </datafield>
  <datafield tag="650" ind1=" " ind2="4">
   <subfield code="a">Drug addicts</subfield>
  </datafield>
  <datafield tag="700" ind1="0" ind2=" ">
   <subfield code="a">Trevor W. Robbins</subfield>
  </datafield>
  <datafield tag="700" ind1="0" ind2=" ">
   <subfield code="a">Gerald V.Stimson</subfield>
  </datafield>
  <datafield tag="990" ind1=" " ind2=" ">
   <subfield code="a">11342/MKRI-P/XII-2008</subfield>
  </datafield>
  <datafield tag="990" ind1=" " ind2=" ">
   <subfield code="a">11343/MKRI-P/XII-2008</subfield>
  </datafield>
  <datafield tag="990" ind1=" " ind2=" ">
   <subfield code="a">11343/MKRI-P/XII-2008</subfield>
  </datafield>
  <datafield tag="990" ind1=" " ind2=" ">
   <subfield code="a">11342/MKRI-P/XII-2008</subfield>
  </datafield>
  <datafield tag="990" ind1=" " ind2=" ">
   <subfield code="a">11342/MKRI-P/XII-2008</subfield>
  </datafield>
  <datafield tag="990" ind1=" " ind2=" ">
   <subfield code="a">11343/MKRI-P/XII-2008</subfield>
  </datafield>
 </record>
</collection>
